000 00719nai a2200193Ia 4500
003 IN-BaIIA
008 211028c9999 xx s 000 0 eng d
022 _a0098-4094 (Print)
022 _a1558-1276 (Online)
040 _cIIA Library
245 0 _aIEEE Transactions on Circuits and Systems
_h[eJournal]
260 _aNew York, USA
_bThe Institute of Electrical and Electronics Engineers, Inc. (IEEE)
310 _aMonthly
362 _a21(1); 1974 - 38(12); 1991
521 _bSubscribed through National Knowledge Resource Consortium (NKRC)
650 _aComponents, Circuits, Devices and Systems
856 _uhttps://ieeexplore.ieee.org/servlet/opac?punumber=31
_yClick Here to Access eJournal
942 _cEJ
999 _c34628
_d34628